000 00605nam a2200181 4500
001 144412
003 ES-MaACL
005 20230906201018.0
007 t|
008 070214s1972 sp r ||||1| spa d
100 1 _aSilber, R.
_9106329
245 1 0 _aHidráulica del régimen permanente en canales y ríos /
_cR. Silber ; versión de Jorge Aguiló Bonnin, Rafael Cervera Alvarez.
260 _aMadrid :
_bAguilar,
_c1972.
300 _aXXIII, 266 p. :
_bil. ;
_c22 cm.
700 1 _aAguiló Bonnin, Jorge.
_918795
700 1 _aCervera Alvarez, Rafael.
_937636
852 _aES-MaACL
_jC-42960
_bR.81973
999 _c144412
_d144412